[Event "June op"]
[Site "Scarborough CAN"]
[Date "1982.06.19"]
[Round "3"]
[White "Patel, Kaushik"]
[Black "Pacey, Kevin"]
[Result "0-1"]
[WhiteElo "1738"]
[BlackElo "2056"]
[PlyCount "82"]
[GameId "2160767912848452"]
[EventDate "1982.06.18"]
[EventType "swiss"]
[EventRounds "5"]
[EventCountry "CAN"]

1. e4 c5 2. f4 g6 3. Nf3 Bg7 4. Bc4 e6 5. c3 a6 6. O-O Ne7 7. d4 d5 8. exd5 exd5 9. Bb3 cxd4 10. cxd4 O-O 11. Be3 Nbc6 12. Nc3 Na5 13. Bc2 Nc4 14. Bf2 Nxb2 15. Qc1 Nc4 16. Ne5 b5 17. Ne2 Bf5 18. g4 Bxc2 19. Qxc2 Rc8 20. Nxc4 dxc4 21. Rab1 Nd5 22. Nc3 Nxf4 23. Qe4 Nh3+ 24. Kg2 Nxf2 25. Rxf2 Qxd4 26. Qxd4 Bxd4 27. Rf3 Bxc3 28. Rxc3 Rfd8 29. Rbc1 Rd2+ 30. Kh3 Rxa2 31. Re3 Rc7 32. Kg3 a5 33. Rd1 g5 34. h4 h6 35. Rd8+ Kg7 36. h5 c3 37. Ree8 c2 38. Rg8+ Kf6 39. Rd6+ Ke7 40. Rdd8 c1=Q 41. Rge8+ Kf6 0-1

[Event "June op"]
[Site "Scarborough CAN"]
[Date "1982.06.20"]
[Round "4"]
[White "Pacey, Kevin"]
[Black "Czernuszka, John"]
[Result "0-1"]
[WhiteElo "2056"]
[BlackElo "1787"]
[PlyCount "46"]
[GameId "2160767912848453"]
[EventDate "1982.06.18"]
[EventType "swiss"]
[EventRounds "5"]
[EventCountry "CAN"]

1. e4 c5 2. Nf3 d6 3. d4 cxd4 4. Nxd4 Nf6 5. Nc3 a6 6. Be2 e5 7. Nb3 Be6 8. O-O Be7 9. a4 O-O 10. Be3 Nbd7 11. f4 Qc7 12. f5 Bc4 13. Bxc4 Qxc4 14. Qf3 Rad8 15. Rad1 Rfe8 16. g4 d5 17. Nxd5 Nxd5 18. Rxd5 Nf6 19. Rxe5 Bd6 20. Rxe8+ Rxe8 21. Bd4 Rxe4 22. Bxf6 Rxg4+ 23. Kh1 Rf4 0-1

[Event "Kingston CC-ch"]
[Site "Kingston CAN"]
[Date "1982.10.04"]
[Round "1"]
[White "King, Ron"]
[Black "Veltmann, Martin"]
[Result "0-1"]
[WhiteElo "1563"]
[BlackElo "1919"]
[PlyCount "73"]
[GameId "2160767912811228"]
[EventDate "1982.10.11"]
[EventRounds "5"]
[EventCountry "CAN"]

1. e4 c5 2. Bc4 e6 3. Nc3 Nc6 4. a3 a6 5. d3 d6 6. Nf3 Nf6 7. Bg5 Be7 8. O-O h6 9. Bd2 O-O 10. h3 d5 11. Ba2 d4 12. Ne2 b5 13. Qc1 Bb7 14. Ng3 Nh7 15. Nh2 Bh4 16. Nf3 Bxg3 17. fxg3 Qc7 18. Bf4 e5 19. Bxh6 gxh6 20. Qxh6 Qe7 21. h4 Qf6 22. Qd2 Qg6 23. Ng5 Nxg5 24. hxg5 Nd8 25. Rf6 Qg7 26. Raf1 c4 27. R1f5 Bc8 28. Rxe5 Be6 29. Rc5 c3 30. bxc3 dxc3 31. Qxc3 Bxa2 32. d4 Bc4 33. d5 Nb7 34. Rc7 Nd6 35. Rxc4 Nxc4 36. Qd4 Qxg5 37. Rf5 0-1

[Event "Kingston CC-ch"]
[Site "Kingston CAN"]
[Date "1982.10.11"]
[Round "2"]
[White "Veltmann, Martin"]
[Black "Cairns, James"]
[Result "1-0"]
[WhiteElo "1919"]
[BlackElo "1674"]
[PlyCount "109"]
[GameId "2160767912811229"]
[EventDate "1982.10.11"]
[EventRounds "5"]
[EventCountry "CAN"]

1. e4 e5 2. Nf3 Nc6 3. Bb5 a6 4. Ba4 d6 5. O-O Nf6 6. Bxc6+ bxc6 7. d4 Bg4 8. dxe5 Bxf3 9. Qxf3 dxe5 10. Rd1 Qc8 11. Bg5 Be7 12. Nd2 Qe6 13. Nf1 O-O 14. Ne3 g6 15. Bh6 Rfd8 16. b3 Bf8 17. Bxf8 Kxf8 18. Nc4 Kg7 19. Qe3 Nd7 20. Rd2 Qf6 21. Rad1 Nf8 22. Qc5 Rxd2 23. Rxd2 Rd8 24. Rxd8 Qxd8 25. Qxe5+ f6 26. Qa1 Ne6 27. h3 Kf7 28. Qc3 c5 29. g3 Nd4 30. Qd3 Qc8 31. c3 Nc6 32. Qd5+ Kg7 33. e5 f5 34. Nb2 Nd8 35. h4 Ne6 36. Nd3 c6 37. Qd6 Kf7 38. Nxc5 Nxc5 39. Qxc5 Qd7 40. Qd6 Qxd6 41. exd6 Ke6 42. Kf1 Kxd6 43. Ke2 Kd5 44. Kd3 Kc5 45. a3 Kd5 46. b4 h6 47. c4+ Ke5 48. f4+ Kf6 49. a4 Ke6 50. b5 cxb5 51. cxb5 axb5 52. axb5 Kd5 53. b6 Kc6 54. Kd4 Kxb6 55. Ke5 1-0

[Event "Kingston CC-ch"]
[Site "Kingston CAN"]
[Date "1982.10.18"]
[Round "2"]
[White "Veltmann, Martin"]
[Black "Smith, Lyman"]
[Result "1-0"]
[WhiteElo "1939"]
[BlackElo "1348"]
[PlyCount "69"]
[GameId "2160767912811230"]
[EventDate "1982.10.11"]
[EventRounds "5"]
[EventCountry "CAN"]
[SourceTitle "mv"]

1. e4 d6 2. c4 Nf6 3. Nc3 g6 4. d4 Bg7 5. Be2 O-O 6. Nf3 Nbd7 7. O-O c6 8. e5 Ne8 9. Bg5 dxe5 10. dxe5 Nc7 11. Bf4 Ne6 12. Bg3 Qc7 13. Re1 Bxe5 14. Nxe5 Nxe5 15. Bf1 f6 16. Kh1 Qb6 17. f4 Nf7 18. Rb1 f5 19. b4 Qc7 20. c5 Re8 21. Qf3 b6 22. Bc4 Ned8 23. Rbd1 e6 24. Bf2 bxc5 25. Bxc5 Nb7 26. Bd4 Nbd6 27. Bb3 Bb7 28. Bc5 Qd7 29. Re2 Ba6 30. Red2 Rad8 31. Bxd6 Nxd6 32. Rxd6 Qxd6 33. Rxd6 Rxd6 34. h3 Rd3 35. Qxc6 1-0

[Event "Kingston CC-ch"]
[Site "Kingston CAN"]
[Date "1982.10.25"]
[Round "3"]
[White "Adriano, Mario"]
[Black "Veltmann, Martin"]
[Result "1-0"]
[WhiteElo "1977"]
[BlackElo "1939"]
[PlyCount "79"]
[GameId "2160767912811231"]
[EventDate "1982.10.11"]
[EventRounds "5"]
[EventCountry "CAN"]
[SourceTitle "mv"]

1. e4 c5 2. Nf3 Nc6 3. d4 cxd4 4. Nxd4 Nf6 5. Nc3 e5 6. Nb3 Bb4 7. Bg5 h6 8. Bxf6 Qxf6 9. Bc4 Bxc3+ 10. bxc3 O-O 11. Qd3 d6 12. O-O Be6 13. Nd2 Na5 14. Bd5 Rac8 15. c4 b6 16. Rfc1 Nc6 17. Rab1 Ne7 18. Rb3 Ng6 19. Ra3 Rc7 20. Nf1 Nf4 21. Qd2 Bg4 22. Re1 Bd7 23. Rf3 Bg4 24. Rg3 h5 25. Ne3 Bd7 26. Rf3 h4 27. g3 Qg6 28. Kh1 Qh5 29. Qd1 Nh3 30. Nf5 g6 31. g4 Nxf2+ 32. Rxf2 Qg5 33. Rg1 b5 34. Nxd6 bxc4 35. Nxf7 Qe3 36. Qf1 Kg7 37. Rf3 Qd4 38. Nd6 Rxf3 39. Qxf3 Ba4 40. Rf1 1-0

[Event "Kingston CC-ch"]
[Site "Kingston CAN"]
[Date "1982.11.08"]
[Round "4"]
[White "Veltmann, Martin"]
[Black "Jiles, David"]
[Result "1/2-1/2"]
[WhiteElo "1919"]
[BlackElo "1976"]
[PlyCount "101"]
[GameId "2160767912811232"]
[EventDate "1982.10.11"]
[EventRounds "5"]
[EventCountry "CAN"]

1. d4 Nf6 2. c4 d6 3. Nc3 e5 4. d5 g6 5. e4 Nbd7 6. Bd3 a5 7. Nf3 Nc5 8. Bc2 Bd7 9. O-O Bg7 10. a3 O-O 11. Bd2 a4 12. Be3 Qe7 13. Re1 Ra5 14. Nd2 Rfa8 15. f3 Nh5 16. Rb1 Nf4 17. Nf1 h5 18. Qd2 Bh6 19. Kh1 g5 20. Ng3 h4 21. Nf5 Bxf5 22. exf5 h3 23. g4 Ng2 24. Re2 Nxe3 25. Qxe3 f6 26. Qf2 Qh7 27. Ne4 Nxe4 28. fxe4 Bf8 29. Re3 b5 30. cxb5 Rxb5 31. Qf1 Rab8 32. Rxh3 Qf7 33. Bxa4 Rxb2 34. Rxb2 Rxb2 35. Bc6 Rb6 36. Rc3 Qh7 37. Qh3 Rb1+ 38. Kg2 Rb2+ 39. Kg1 Rb1+ 40. Kf2 Qh4+ 41. Qxh4 gxh4 42. a4 Rb2+ 43. Kg1 Ra2 44. Bb5 Bh6 45. h3 Bd2 46. Rb3 Ba5 47. Kf1 Kg7 48. Re3 Kh6 49. Re2 Ra1+ 50. Kg2 Bb6 51. Kh2 1/2-1/2

[Event "Kingston CC-ch"]
[Site "Kingston CAN"]
[Date "1982.11.15"]
[Round "5"]
[White "Gordon, David"]
[Black "Veltmann, Martin"]
[Result "0-1"]
[WhiteElo "1734"]
[BlackElo "1919"]
[PlyCount "68"]
[GameId "2160767912811233"]
[EventDate "1982.10.11"]
[EventRounds "5"]
[EventCountry "CAN"]

1. d4 Nf6 2. c4 c5 3. d5 g6 4. Nc3 Bg7 5. Nf3 d6 6. e4 O-O 7. Be2 e6 8. h3 exd5 9. exd5 Re8 10. Bg5 h6 11. Be3 a6 12. Qc2 Bf5 13. Bd3 Bxd3 14. Qxd3 Nbd7 15. O-O g5 16. Rae1 g4 17. hxg4 Nxg4 18. Bf4 Nde5 19. Nxe5 Nxe5 20. Qg3 Kh7 21. b3 Rg8 22. Qh3 Ng6 23. Bd2 Qh4 24. Re3 Be5 25. Qxh4 Nxh4 26. g3 Bf4 27. Rd3 Bxd2 28. Kh1 Bxc3 29. Rxc3 Ng6 30. Rf3 Ne5 31. Rf6 Rg6 32. Rf5 Kg8 33. Kg2 Re8 34. Re1 Kf8 0-1

[Event "Kingston CC-ch"]
[Site "Kingston CAN"]
[Date "1983.03.13"]
[Round "5"]
[White "Veltmann, Martin"]
[Black "Packer, Andrew"]
[Result "0-1"]
[WhiteElo "1939"]
[BlackElo "1968"]
[PlyCount "62"]
[GameId "2160767912811234"]
[EventDate "1982.10.11"]
[EventRounds "5"]
[EventCountry "CAN"]
[SourceTitle "mv"]

1. c4 Nf6 2. Nc3 e6 3. d4 Bb4 4. e3 b6 5. Bd3 Bb7 6. Nf3 Ne4 7. Qc2 Bxc3+ 8. bxc3 f5 9. O-O O-O 10. Nd2 d5 11. f3 Nxd2 12. Bxd2 Nd7 13. cxd5 Bxd5 14. e4 fxe4 15. fxe4 Bb7 16. c4 e5 17. d5 Qe7 18. Rf5 Nc5 19. Raf1 Rxf5 20. Rxf5 Rf8 21. Bg5 Qd6 22. Be2 Rxf5 23. exf5 c6 24. dxc6 Qd4+ 25. Kh1 Bxc6 26. Qd2 Ne4 27. Qxd4 exd4 28. Bf3 Nxg5 29. Bxc6 d3 30. Kg1 d2 31. Ba4 Ne4 0-1

[Event "Kitchener op"]
[Site "Kitchener CAN"]
[Date "1982.04.02"]
[Round "1"]
[White "Cohen, David"]
[Black "Kuznecov, Alex"]
[Result "0-1"]
[WhiteElo "1593"]
[BlackElo "2058"]
[PlyCount "70"]
[GameId "2160767912848620"]
[EventDate "1982.04.02"]
[EventType "swiss"]
[EventRounds "5"]
[EventCountry "CAN"]

1. g4 d5 2. Bg2 c6 3. h3 e5 4. d3 Be6 5. Nf3 f6 6. e4 Bd6 7. c3 Ne7 8. Be3 Nd7 9. Nbd2 O-O 10. Qc2 Qc7 11. Nh4 c5 12. Qb3 Nb6 13. exd5 Nexd5 14. c4 Nxe3 15. fxe3 e4 16. O-O-O exd3 17. Qxd3 Rad8 18. Qe4 Bc8 19. Nf5 Rfe8 20. Qf3 Be5 21. e4 Na4 22. Nb1 Nxb2 23. Rxd8 Rxd8 24. Qb3 Nd3+ 25. Kc2 Nb4+ 26. Kc1 Rd3 27. Qa4 Bf4+ 28. Nd2 Bd7 29. Ne7+ Kf7 30. Nd5 Bxa4 31. Nxc7 Rxd2 32. Kb1 Bxc7 33. Bf3 Nd3 34. Rc1 Rb2+ 35. Ka1 Be5 0-1

[Event "Kitchener op"]
[Site "Kitchener CAN"]
[Date "1982.04.03"]
[Round "2"]
[White "O'Neill, Gerry"]
[Black "Cohen, David"]
[Result "1/2-1/2"]
[WhiteElo "1421"]
[BlackElo "1593"]
[PlyCount "108"]
[GameId "2160767912848621"]
[EventDate "1982.04.02"]
[EventType "swiss"]
[EventRounds "5"]
[EventCountry "CAN"]

1. d4 a6 2. c4 d5 3. Nc3 Nf6 4. Bg5 e6 5. e3 Be7 6. Nf3 Nbd7 7. Bd3 dxc4 8. Bxc4 b5 9. Bb3 Bb7 10. O-O O-O 11. Qe2 c5 12. dxc5 Nxc5 13. Rfd1 Qc7 14. Bf4 Qc6 15. Rac1 Nxb3 16. axb3 Ne4 17. Nd5 Qxd5 18. Rxd5 Bxd5 19. Qd3 Nc5 20. Qe2 Nxb3 21. Rc7 Bb4 22. e4 Ba5 23. exd5 Bxc7 24. Bxc7 exd5 25. Qd3 Nc5 26. Qb1 Ne6 27. Be5 Rfc8 28. h4 Rc6 29. Qf5 Rc1+ 30. Kh2 Rc6 31. Qg4 g6 32. h5 Rc4 33. Nd4 Re8 34. h6 Nc5 35. Qg5 Ne4 36. Qf4 Nxf2 37. Qxf2 Rxe5 38. g4 f5 39. gxf5 Re4 40. Nf3 Re7 41. b3 Rce4 42. Qc5 Re2+ 43. Kg3 Kf7 44. Qxd5+ Kf6 45. fxg6 Kxg6 46. Qg5+ Kf7 47. Qh5+ Kf6 48. Qg5+ Kf7 49. Qd5+ Kg6 50. Qg8+ Kf6 51. Qh8+ Kg6 52. Qg8+ Kf6 53. Ng5 Kf5 54. Nf3 Kf6 1/2-1/2

[Event "Kitchener op"]
[Site "Kitchener CAN"]
[Date "1982.04.03"]
[Round "3"]
[White "Lourekovic, Ivan"]
[Black "Cohen, David"]
[Result "0-1"]
[WhiteElo "1378"]
[BlackElo "1593"]
[PlyCount "70"]
[GameId "2160767912848622"]
[EventDate "1982.04.02"]
[EventType "swiss"]
[EventRounds "5"]
[EventCountry "CAN"]

1. e4 a6 2. Nf3 d6 3. Nc3 b5 4. a3 Nf6 5. d4 Bb7 6. Bd3 Nbd7 7. O-O e5 8. b4 exd4 9. Nxd4 c5 10. Nf5 g6 11. Ng3 c4 12. Be2 Qc7 13. Re1 Bg7 14. Bb2 O-O 15. Bf3 Ne5 16. Be2 Qb6 17. Bc1 Nfg4 18. Bxg4 Nxg4 19. Be3 Nxe3 20. Rxe3 Bd4 21. Nf1 Bxe3 22. Nxe3 Rae8 23. Ned5 Bxd5 24. Nxd5 Qd8 25. Qd4 f5 26. exf5 Rxf5 27. g4 Qg5 28. Nc7 Rf4 29. Qxd6 Qxg4+ 30. Kf1 Qh3+ 31. Kg1 Rg4+ 32. Qg3 Rxg3+ 33. hxg3 Re5 34. Rd1 Kf7 35. Nxa6 Rh5 0-1

[Event "Kitchener op"]
[Site "Kitchener CAN"]
[Date "1982.04.04"]
[Round "4"]
[White "Cohen, David"]
[Black "Thompson, Ed"]
[Result "1-0"]
[WhiteElo "1593"]
[BlackElo "1334"]
[PlyCount "87"]
[GameId "2160767912848623"]
[EventDate "1982.04.02"]
[EventType "swiss"]
[EventRounds "5"]
[EventCountry "CAN"]

1. g4 d5 2. Bg2 Bxg4 3. c4 c6 4. cxd5 cxd5 5. Qb3 e6 6. Qa4+ Nc6 7. Qxg4 Nf6 8. Qa4 Be7 9. Nf3 O-O 10. Nc3 a6 11. d3 Rb8 12. Bf4 Bd6 13. Bxd6 Qxd6 14. a3 Rfc8 15. Qh4 Ne7 16. Qg3 Qc5 17. O-O Nf5 18. Qg5 h6 19. Qd2 Rd8 20. b4 Qd6 21. Bh3 d4 22. Ne4 Nxe4 23. dxe4 Ne7 24. Kh1 Ng6 25. Rg1 Qc6 26. Rac1 Qxe4 27. Rg4 Qd5 28. Rxd4 Qxd4 29. Nxd4 e5 30. Rc8 Rbxc8 31. Bxc8 Rxc8 32. Nf3 f6 33. e3 Ne7 34. Qd7 Kf8 35. Qxb7 Rc6 36. Nh4 Rc4 37. e4 Rd4 38. Nf5 Nxf5 39. exf5 Rf4 40. Qc8+ Kf7 41. Qe6+ Kf8 42. Qxa6 Rxf2 43. Qb7 Rf4 44. a4 1-0

[Event "Kitchener op"]
[Site "Kitchener CAN"]
[Date "1982.04.04"]
[Round "5"]
[White "Cohen, David"]
[Black "Hartman, Brian"]
[Result "0-1"]
[WhiteElo "1593"]
[BlackElo "2212"]
[PlyCount "62"]
[GameId "2160767912848624"]
[EventDate "1982.04.02"]
[EventType "swiss"]
[EventRounds "5"]
[EventCountry "CAN"]

1. g4 e5 2. Bg2 Bc5 3. d3 Qh4 4. e3 h5 5. h3 d6 6. Nf3 Qe7 7. g5 Nc6 8. c3 Bf5 9. e4 Be6 10. Qe2 Bb6 11. h4 Bg4 12. Bh3 Qd7 13. Bxg4 hxg4 14. Nfd2 Nge7 15. Nc4 O-O-O 16. Be3 Ng6 17. Nxb6+ axb6 18. Qd2 Nxh4 19. Ke2 Nf3 20. Qd1 d5 21. Nd2 d4 22. Nxf3 gxf3+ 23. Kxf3 Rh3+ 24. Kg2 Rdh8 25. Qe2 dxe3 26. fxe3 Ne7 27. Rxh3 Qxh3+ 28. Kf2 Qh4+ 29. Kf3 Ng6 30. Qf2 Qh5+ 31. Kg3 Qh3# 0-1

[Event "Labour Day op"]
[Site "Halifax CAN"]
[Date "1982.09.01"]
[Round "?"]
[White "Beed, Brian"]
[Black "MacKean, Peter"]
[Result "1-0"]
[WhiteElo "2051"]
[BlackElo "2184"]
[PlyCount "101"]
[GameId "2160767912848229"]
[EventDate "1982.09.01"]
[EventType "swiss"]
[EventRounds "6"]
[EventCountry "CAN"]
[SourceTitle "CFC 1982.11"]

1. b4 e5 2. Bb2 f6 3. e4 c6 4. f4 d6 5. f5 Ne7 6. Qh5+ g6 7. fxg6 Nxg6 8. Nf3 Be6 9. Nh4 Bf7 10. Nxg6 Bxg6 11. Qf3 Bf7 12. Nc3 Nd7 13. a3 Nb6 14. Bd3 Nc4 15. Bxc4 Bxc4 16. d3 Bf7 17. O-O Be7 18. Rad1 Qd7 19. d4 Be6 20. Qe3 O-O 21. Ne2 Qe8 22. Ng3 Kh8 23. dxe5 dxe5 24. Nf5 Rg8 25. Rd2 b6 26. Kh1 Rd8 27. Rf3 Rd7 28. Rxd7 Qxd7 29. Qd3 Bxf5 30. exf5 Rd8 31. Qxd7 Rxd7 32. Rd3 Rxd3 33. cxd3 c5 34. b5 Kg8 35. Kg1 Kf7 36. Kf2 Bf8 37. Kf3 Ke7 38. Ke4 Kd6 39. Bc1 h6 40. a4 Bg7 41. g4 Bf8 42. h4 Bg7 43. g5 hxg5 44. hxg5 fxg5 45. Bxg5 Bf8 46. Bf6 c4 47. Bxe5+ Kc5 48. dxc4 Kxc4 49. Bb8 Kb4 50. Kd5 Kxa4 51. Kc6 1-0

[Event "Labour Day op"]
[Site "Halifax CAN"]
[Date "1982.09.01"]
[Round "?"]
[White "Brown, Paul"]
[Black "Hake, Paul"]
[Result "1-0"]
[WhiteElo "1682"]
[BlackElo "1804"]
[PlyCount "41"]
[GameId "2160767912848230"]
[EventDate "1982.09.01"]
[EventType "swiss"]
[EventRounds "6"]
[EventCountry "CAN"]
[SourceTitle "CFC 1982.11"]

1. d4 f5 2. g3 Nf6 3. Bg2 e6 4. Nf3 Be7 5. O-O O-O 6. c4 d6 7. Nc3 Qe8 8. Qc2 c6 9. b3 a5 10. e4 fxe4 11. Nxe4 Nxe4 12. Qxe4 Qh5 13. g4 Qf7 14. Ng5 Bxg5 15. Bxg5 Nd7 16. Rae1 e5 17. h3 a4 18. f4 exd4 19. Qxd4 axb3 20. Re7 Qg6 21. Be4 1-0

[Event "Labour Day op"]
[Site "Toronto CAN"]
[Date "1982.??.??"]
[Round "?"]
[White "Kiviaho, Robert"]
[Black "Ross, Dave"]
[Result "0-1"]
[WhiteElo "2074"]
[BlackElo "2228"]
[PlyCount "68"]
[GameId "2160767912848195"]
[EventDate "1982.09.04"]
[EventType "swiss"]
[EventRounds "6"]
[EventCountry "CAN"]
[SourceTitle "EXT 2022"]
[Source "ChessBase"]
[SourceDate "2021.10.06"]
[SourceVersion "1"]
[SourceVersionDate "2021.10.06"]
[SourceQuality "1"]

1. e4 c5 2. Nf3 Nc6 3. d4 cxd4 4. Nxd4 Nf6 5. Nc3 e5 6. Ndb5 d6 7. Bg5 a6 8. Na3 b5 9. Nd5 Be7 10. Bxf6 Bxf6 11. c3 O-O 12. Nc2 Bg5 13. a4 bxa4 14. Rxa4 a5 15. Bc4 Rb8 16. b3 Kh8 17. Nce3 Ne7 18. Nxe7 Bxe7 19. Nd5 Bg5 20. Qa1 f5 21. exf5 Bxf5 22. Rxa5 Bc2 23. b4 Qc8 24. Be2 Bd8 25. Ra3 Be4 26. Ne3 Bb6 27. O-O Qb7 28. Ba6 Qe7 29. Re1 Qg5 30. Bf1 Rxf2 31. Kxf2 Rf8+ 32. Kg1 Bxe3+ 33. Rxe3 Qxe3+ 34. Kh1 Qf2 0-1

[Event "Labour Day op"]
[Site "Toronto CAN"]
[Date "1982.09.04"]
[Round "1"]
[White "Cohen, David"]
[Black "Mead, Michael"]
[Result "1/2-1/2"]
[WhiteElo "1715"]
[BlackElo "1607"]
[PlyCount "51"]
[GameId "2160767912848196"]
[EventDate "1982.09.04"]
[EventType "swiss"]
[EventRounds "6"]
[EventCountry "CAN"]

1. g4 d5 2. Bg2 e5 3. c4 Ne7 4. cxd5 Nxd5 5. Qb3 c6 6. Nc3 Nb6 7. Nf3 Be6 8. Qc2 N8d7 9. d4 exd4 10. Nxd4 Qf6 11. Nxe6 Qxe6 12. Qe4 Nc5 13. Qxe6+ Nxe6 14. O-O Be7 15. Be4 O-O 16. f4 Bc5+ 17. Kh1 Rfe8 18. f5 Nc7 19. Bd3 Ncd5 20. Nxd5 Nxd5 21. Bd2 Be3 22. Bxe3 Rxe3 23. Rad1 Rae8 24. Rd2 Nf6 25. Rg1 Nd5 26. Rf1 1/2-1/2

[Event "Labour Day op"]
[Site "Toronto CAN"]
[Date "1982.09.04"]
[Round "2"]
[White "Ginsburg, Mark"]
[Black "Findlay, Ian"]
[Result "0-1"]
[WhiteElo "2434"]
[BlackElo "2266"]
[PlyCount "92"]
[GameId "2160767912848197"]
[EventDate "1982.09.04"]
[EventType "swiss"]
[EventRounds "6"]
[EventCountry "CAN"]
[SourceTitle "EXT 2022"]
[Source "ChessBase"]
[SourceDate "2021.10.06"]
[SourceVersion "1"]
[SourceVersionDate "2021.10.06"]
[SourceQuality "1"]

1. c4 e6 2. Nf3 d5 3. g3 c5 4. Bg2 Nf6 5. O-O Nc6 6. d4 dxc4 7. Qa4 cxd4 8. Nxd4 Qxd4 9. Bxc6+ Bd7 10. Be3 Qxb2 11. Bxd7+ Nxd7 12. Nd2 c3 13. Nb3 Qa3 14. Qe4 Qb4 15. Qc2 Rc8 16. Rfd1 Be7 17. Rab1 Qa4 18. Rd4 Qa6 19. Rd3 Nf6 20. Rxc3 Rxc3 21. Qxc3 O-O 22. Qa5 Qxa5 23. Nxa5 b6 24. Nc6 Nd5 25. Nxa7 Nxe3 26. fxe3 Bc5 27. Nb5 Ra8 28. a3 Bxe3+ 29. Kg2 g6 30. Ra1 Ra4 31. Ra2 Bc5 32. Kf3 Kg7 33. Rb2 f5 34. Rb3 Kf6 35. e3 Rc4 36. Nc3 h5 37. Ke2 h4 38. Kf3 hxg3 39. hxg3 Kg5 40. Ne2 e5 41. Nc3 e4+ 42. Kf2 Kg4 43. Ne2 Rc2 44. Rb1 Ra2 45. Rc1 Rxa3 46. Nc3 Bb4 0-1

[Event "Labour Day op"]
[Site "Toronto CAN"]
[Date "1982.09.04"]
[Round "3"]
[White "Ginsburg, Mark"]
[Black "Sarkar, Prosanto"]
[Result "1/2-1/2"]
[WhiteElo "2390"]
[BlackElo "2069"]
[PlyCount "114"]
[GameId "2160767912848201"]
[EventDate "1982.09.04"]
[EventType "swiss"]
[EventRounds "6"]
[EventCountry "CAN"]
[SourceTitle "EXT 2022"]
[Source "ChessBase"]
[SourceDate "2021.10.06"]
[SourceVersion "1"]
[SourceVersionDate "2021.10.06"]
[SourceQuality "1"]

1. d4 d5 2. Nf3 Nf6 3. c4 c6 4. Nc3 dxc4 5. a4 Bf5 6. e3 e6 7. Bxc4 Bb4 8. O-O Nbd7 9. Qb3 a5 10. Na2 Be7 11. Nh4 Bg6 12. Nxg6 hxg6 13. Nc3 Qb6 14. Rd1 O-O 15. e4 e5 16. dxe5 Qxb3 17. Bxb3 Nxe5 18. Be3 Rfd8 19. Bd4 Nfd7 20. Ba2 g5 21. Ne2 Bc5 22. Bc3 Re8 23. Rac1 Bb6 24. Ng3 g6 25. Rd6 Re7 26. Rcd1 Bc7 27. R6d2 Bb6 28. h3 Kh7 29. Ne2 Nc5 30. Bd4 Nxa4 31. Bxe5 Rxe5 32. Rd7 Rxe4 33. Rxf7+ Kh6 34. Ng3 Rf4 35. Rxb7 Bxf2+ 36. Kh2 Nc5 37. Rc7 Raf8 38. Rxc6 Bxg3+ 39. Kxg3 Ne4+ 40. Kh2 R4f6 41. Rc7 Rf2 42. Rdd7 Nf6 43. Rg7 Rxb2 44. Bd5 Rb4 45. Ra7 a4 46. Rgc7 Rd4 47. Ba2 Rb4 48. Bc4 Rh8 49. Bd3 Rh7 50. Rxh7+ Nxh7 51. Bc2 Rc4 52. Bxa4 Rf4 53. Bb3 Nf8 54. g4 Nh7 55. Kg2 Nf6 56. Bd1 Rd4 57. Bf3 Rd7 1/2-1/2

[Event "Labour Day op"]
[Site "Toronto CAN"]
[Date "1982.09.05"]
[Round "4"]
[White "Cohen, David"]
[Black "Siegel, Merrick"]
[Result "0-1"]
[WhiteElo "1715"]
[BlackElo "1248"]
[PlyCount "126"]
[GameId "2160767912848203"]
[EventDate "1982.09.04"]
[EventType "swiss"]
[EventRounds "6"]
[EventCountry "CAN"]

1. g4 d5 2. Bg2 Bxg4 3. c4 e6 4. cxd5 Nf6 5. dxe6 Nc6 6. exf7+ Kxf7 7. Qb3+ Be6 8. Qxb7 Nd4 9. Qxa8 Qxa8 10. Bxa8 Nc2+ 11. Kd1 Nxa1 12. f3 Bxa2 13. Nc3 Bb3+ 14. Ke1 Nc2+ 15. Kf1 Bc5 16. Bc6 Nb4 17. e3 Nxc6 18. Nge2 Bc4 19. Rg1 Rb8 20. Kf2 Bxe2 21. Kxe2 Re8 22. Rg5 Bd6 23. h3 Nd4+ 24. Kf2 Nb3 25. Ne2 Re5 26. Rxe5 Bxe5 27. d4 Bd6 28. e4 Nxc1 29. Nxc1 Bf4 30. Nd3 Bd2 31. Ke2 Ba5 32. Ne5+ Ke6 33. Nd3 Bb6 34. Nf4+ Kd7 35. Kd3 g5 36. Ne2 c6 37. Ng3 Ke6 38. Nf5 Nh5 39. Kc4 Nf4 40. h4 gxh4 41. Nxh4 h5 42. Nf5 Kf6 43. b4 a6 44. Kc3 Ng6 45. Kd3 h4 46. Ke3 Kg5 47. Kf2 Bd8 48. Nd6 Be7 49. Nc8 Bxb4 50. Na7 Ne7 51. d5 cxd5 52. exd5 Bc5+ 53. Kg2 Bxa7 54. d6 Nc6 55. Kh3 Bf2 56. d7 a5 57. Kg2 Bg3 58. Kh3 a4 59. Kg2 a3 60. Kh3 a2 61. d8=Q+ Nxd8 62. Kg2 a1=Q 63. f4+ Kxf4 0-1

[Event "Labour Day op"]
[Site "Toronto CAN"]
[Date "1982.09.05"]
[Round "5"]
[White "Ginsburg, Mark"]
[Black "Hartman, Brian"]
[Result "1-0"]
[WhiteElo "2434"]
[BlackElo "2233"]
[PlyCount "71"]
[GameId "2160767912848205"]
[EventDate "1982.09.04"]
[EventType "swiss"]
[EventRounds "6"]
[EventCountry "CAN"]
[SourceTitle "CFC 1982.11"]

1. c4 e6 2. Nf3 d5 3. b3 Nf6 4. g3 b6 5. Bg2 Bb7 6. O-O Nbd7 7. Bb2 Bd6 8. d3 Qe7 9. Nc3 a6 10. e4 dxe4 11. Ng5 Nc5 12. Ngxe4 O-O-O 13. Nxc5 Bxc5 14. Bxb7+ Kxb7 15. Qf3+ Kb8 16. a4 Qd7 17. a5 Qxd3 18. Qg2 Rd6 19. axb6 Bxb6 20. Rfd1 Qc2 21. Rxd6 cxd6 22. Rxa6 Ba7 23. Ba3 Rd8 24. Rxd6 Qxc3 25. Rxd8+ Kc7 26. Rd1 Bd4 27. Bb4 Qb2 28. Ba5+ Kb8 29. Rd2 Qa1+ 30. Qf1 Bxf2+ 31. Rxf2 Qxa5 32. Qd3 Qb6 33. Kg2 Ng4 34. Rxf7 Ne5 35. Rf8+ Ka7 36. Qe4 1-0

[Event "Labour Day op"]
[Site "Toronto CAN"]
[Date "1982.09.05"]
[Round "5"]
[White "Murray, Peter"]
[Black "Findlay, Ian"]
[Result "0-1"]
[WhiteElo "2188"]
[BlackElo "2266"]
[PlyCount "80"]
[GameId "2160767912848206"]
[EventDate "1982.09.04"]
[EventType "swiss"]
[EventRounds "6"]
[EventCountry "CAN"]
[SourceTitle "EXT 2022"]
[Source "ChessBase"]
[SourceDate "2021.10.06"]
[SourceVersion "1"]
[SourceVersionDate "2021.10.06"]
[SourceQuality "1"]

1. Nf3 c5 2. c4 Nf6 3. Nc3 d5 4. cxd5 Nxd5 5. e3 Nxc3 6. bxc3 g6 7. Bc4 Bg7 8. d4 O-O 9. O-O Qc7 10. Qe2 Bg4 11. Bd5 e6 12. Be4 Nd7 13. Rb1 Rab8 14. h3 Bf5 15. Bxf5 gxf5 16. Rd1 Rfd8 17. Bb2 b5 18. d5 c4 19. dxe6 fxe6 20. Ba3 Nf6 21. Rxd8+ Qxd8 22. Nd4 Qd7 23. Qc2 Nd5 24. Bc5 a6 25. Re1 Rc8 26. Ba3 a5 27. Rb1 Bxd4 28. exd4 Rb8 29. Bc5 h6 30. a3 Kh7 31. g3 Rg8 32. Kh2 Qc6 33. Rg1 Nf6 34. Qe2 Ne4 35. Qe3 Ng5 36. Rg2 Nf3+ 37. Kh1 Nh4 38. f3 Nxf3 39. d5 Qxd5 40. Qf4 Ne1 0-1

[Event "Labour Day op"]
[Site "Toronto CAN"]
[Date "1982.09.06"]
[Round "6"]
[White "South, Robert"]
[Black "Ginsburg, Mark"]
[Result "0-1"]
[WhiteElo "2213"]
[BlackElo "2434"]
[PlyCount "56"]
[GameId "2160767912848211"]
[EventDate "1982.09.04"]
[EventType "swiss"]
[EventRounds "6"]
[EventCountry "CAN"]
[SourceTitle "CFC 1982.11"]

1. b3 e5 2. Bb2 d6 3. e3 Nf6 4. d4 exd4 5. exd4 d5 6. Nf3 Bb4+ 7. c3 Bd6 8. Bd3 O-O 9. O-O Bg4 10. Nbd2 Re8 11. Qc2 Nc6 12. Rae1 Qd7 13. h3 Bxh3 14. gxh3 Qxh3 15. Bf5 Ng4 16. Bxg4 Qxg4+ 17. Kh1 Qh3+ 18. Kg1 Qg4+ 19. Kh1 Qh3+ 20. Kg1 Re6 21. Rxe6 Qg4+ 22. Kh1 Qh3+ 23. Kg1 fxe6 24. Re1 Rf8 25. Ne5 Nxe5 26. dxe5 Bc5 27. Re2 Rxf2 28. Rxf2 Qg3+ 0-1